000 00351 a2200157 4500
001 48254
020 _a9786588407059
040 _cAnchieta - Aquarius
100 _aPredicatori, Paola
240 1 0 _aOs livros de Maliq
_lpor
245 1 0 _aOs livros de Maliq
300 _a25
362 0 _a2021
650 4 _aLiteratura infanto-juvenil
942 _cBK
999 _c48254
_d48254